000 00404nam a22001577a 4500
003 OSt
005 20120302150757.0
008 090811t xxu||||| |||| 00| 0 eng d
035 _a१२०८९
040 _cमराठी
100 _aगडकर, रेचल
_98058
222 _aनाटक
245 _aमाझे घरटे
300 _b२२ पाने
942 _2ddc
_cBOOK
999 _c492979
_d492976